胆振線の駅 - Statistics

General Stats
  • This quiz has been taken 4 times
  • The average score is 14 of 21
Answer Stats
Hint Answer % Correct
本線 伊達紋別
100%
倶知安
100%
北湯沢
75%
北鈴川
75%
喜茂別
75%
留産
75%
南京極
75%
東京極
75%
京極
75%
北岡
75%
寒別
75%
六郷
75%
支線 脇方
75%
上長和
50%
壮瞥
50%
久保内
50%
蟠渓
50%
新大滝
50%
御園
50%
参郷
50%
優徳
25%
No matching quizzes found
Score Distribution
Percent of People with Each Score
Percentile by Number Answered
Your Score History
You have not taken this quiz